000 nam a22 a 4500
999 _c38762
_d38762
003 BLK
005 20220520090615.0
008 180408b bul|||||r ||||||| ||bul||
010 _aKNG00041995000
040 _aBLK
041 _aBUL
_cBUL
080 _aИспанска литература
_b821.134.2
_x-31
_z821.134.2-31
100 1 _aВалдес, Армандо Паласио
_eпърви автор
_9276256
139 _aВалдес, Армандо Паласио
_bВ 18
245 1 0 _aСестра Сан Сулписио
_bРоман
_cАрмандо Паласио Валдес; прев. от исп. Светослав Колев.
257 _aSPA
260 _aПловдив
_bХристо Г. Данов
_c1965
300 _a284 с.
_c20 см
380 _aX
500 _a20 000 тир.
700 1 _aКолев, Светослав
_eпрев. от исп.
_9276257
852 _aЦб 34968
856 4 _qpdf
856 4 _qpdf
942 _cKNG
_n0
_s1
944 _aCR
_c26.08.2016
_kКети_Илиева
944 _aED
_c26.08.2016
_kКети_Илиева
999 _d38762